| 000 | 00911nam a22002057a 4500 | ||
|---|---|---|---|
| 005 | 20210325181128.0 | ||
| 008 | s2541 th tha d | ||
| 020 | _a9748717704 | ||
| 041 | _atha | ||
| 050 | _aHV8252.55 พ131ม 2541 | ||
| 100 | 0 | _aพงศ์พัฒน์ ฉายาพันธุ์ | |
| 245 | 1 | 0 | _aมุมมองใหม่ การจัดการตำรวจในศตวรรษที่ 21 : ความรู้เบื้องต้นการบริหารงานตำรวจแผนใหม่ |
| 260 | 3 |
_aกรุงเทพฯ : _bศิลป์สยามการพิมพ์, _c2541 |
|
| 300 |
_a247 หน้า : _b ภาพประกอบ ; _c 24 ซม. |
||
| 650 | 0 | 4 | _aตำรวจ -- การบริหาร |
| 850 | _aNALT | ||
| 942 | _cGB | ||
| 997 | _c000000000011080 | ||
| 998 | _aSAIPHON DEENGAM | ||
| 999 |
_c11080 _d11080 |
||